000 00201nam a22000737a 4500
999 _c23890
_d23890
003 Nust
005 20170515165829.0
008 140424b xxu||||| |||| 00| 0 eng d
020 _cAvailable
_a8177584790
040 _aDLC
_bDLC
_cRCMS
082 _a621.367 ANN
100 _aAnnadurai S.
_9765
245 _aFundamentals of digital image processing
260 _aIndia
_bPearson Education
_cc2007
300 _axviii,422,p:
_bill:
_c26,cm.
538 _iShelf # 15, Row # 4, Communication.
650 _aElectrical & Electronic Engineering
_9700
856 _3Table of Content Only
942 _2ddc
_cBK